Random Capitals To Countries #1 - Statistics

General Stats
  • This quiz has been taken 285 times
  • The average score is 12 of 15
Answer Stats
Capitals Answer % Correct
Buenos Aires Argentina
98%
Ottawa Canada
97%
Lisbon Portugal
97%
Sofia Bulgaria
92%
Pyongyang North Korea
92%
Riyadh Saudi Arabia
90%
Wellington New Zealand
89%
Oslo Norway
88%
Santiago Chile
83%
Cairo Egypt
82%
Addis Ababa Ethiopia
80%
Jakarta Indonesia
78%
Taipei Taiwan
70%
Bandar Seri Begawan Brunei
53%
Nuku'alofa Tonga
38%
No matching quizzes found
Score Distribution
Percent of People with Each Score
Percentile by Number Answered
Your Score History
You have not taken this quiz